| 000 | 00447nam a2200169Ia 4500 | ||
|---|---|---|---|
| 003 | GCL | ||
| 008 | 140319s9999 xx 000 0 eng d | ||
| 040 |
_aGCL / _cGCL |
||
| 082 | 0 | 4 |
_a181.07 _bM I |
| 100 | 1 | _aMARMURA, MICHAEL E. | |
| 245 | 1 | 0 |
_aISLAMIC THEOLOGY AND PHILOSOPHY / _cMARMURA, MICHAEL E. |
| 260 |
_a[S.N] : _bSTATE UNVIERSITY ، _c1984 |
||
| 300 | _a339 P | ||
| 650 | 0 | 4 | _aPHILOSOPHY |
| 650 | 0 | 4 | _aISLAMIC THEOLOGY |
| 942 |
_2ddc _cBK |
||
| 999 |
_c24206 _d24206 |
||